<?xml version="1.0" encoding="UTF-8"?>
<record
    xmlns:xsi="http://www.w3.org/2001/XMLSchema-instance"
    xsi:schemaLocation="http://www.loc.gov/MARC21/slim http://www.loc.gov/standards/marcxml/schema/MARC21slim.xsd"
    xmlns="http://www.loc.gov/MARC21/slim">

  <leader>01733cam a2200421 a 4500</leader>
  <controlfield tag="001">60648</controlfield>
  <controlfield tag="003">CO-BoRNBP</controlfield>
  <controlfield tag="005">20260309153405.0</controlfield>
  <controlfield tag="007">t</controlfield>
  <controlfield tag="008">040927s2004    ck a    r     00110dspa d</controlfield>
  <datafield tag="020" ind1=" " ind2=" ">
    <subfield code="a">9589422373 (Vol. 1)</subfield>
  </datafield>
  <datafield tag="020" ind1=" " ind2=" ">
    <subfield code="a">9589422381 (Vol. 2)</subfield>
  </datafield>
  <datafield tag="020" ind1=" " ind2=" ">
    <subfield code="a">958942239X (Vol. 3)</subfield>
  </datafield>
  <datafield tag="040" ind1=" " ind2=" ">
    <subfield code="a">CO-BoBLA</subfield>
    <subfield code="b">spa</subfield>
    <subfield code="d">CO-BoBLA</subfield>
    <subfield code="e">rda</subfield>
    <subfield code="c">Editar Ltda</subfield>
  </datafield>
  <datafield tag="041" ind1=" " ind2=" ">
    <subfield code="a">spa</subfield>
  </datafield>
  <datafield tag="082" ind1="0" ind2="4">
    <subfield code="a">617.6</subfield>
    <subfield code="b">B17o </subfield>
    <subfield code="2">20 ed.</subfield>
  </datafield>
  <datafield tag="100" ind1="1" ind2=" ">
    <subfield code="a">Barrios M., Gustavo.</subfield>
    <subfield code="9">69342</subfield>
  </datafield>
  <datafield tag="245" ind1="1" ind2="0">
    <subfield code="a">Odontolog&#xED;a / </subfield>
    <subfield code="c">Gustavo Barrios M. ; fotograf&#xED;a cl&#xED;nica Jorge Eduardo Barrios ; colaboradores especiales Jenny Susana Vargas ... [et al.] ; colaboraci&#xF3;n cient&#xED;fica Ra&#xFA;l G. Caffese ... [et al.].</subfield>
  </datafield>
  <datafield tag="250" ind1=" " ind2=" ">
    <subfield code="a">Nueva edici&#xF3;n.</subfield>
  </datafield>
  <datafield tag="264" ind1=" " ind2=" ">
    <subfield code="a">Bogot&#xE1; :</subfield>
    <subfield code="b">Editar,</subfield>
    <subfield code="c">2004.</subfield>
  </datafield>
  <datafield tag="300" ind1=" " ind2=" ">
    <subfield code="a">3 vol&#xFA;menes :</subfield>
    <subfield code="b">ilustraciones ;</subfield>
    <subfield code="c">28 cm.</subfield>
  </datafield>
  <datafield tag="336" ind1=" " ind2=" ">
    <subfield code="a">text</subfield>
    <subfield code="b">txt</subfield>
    <subfield code="2">rdacontent</subfield>
  </datafield>
  <datafield tag="337" ind1=" " ind2=" ">
    <subfield code="a">unmediated</subfield>
    <subfield code="b">n</subfield>
    <subfield code="2">rdamedia</subfield>
  </datafield>
  <datafield tag="338" ind1=" " ind2=" ">
    <subfield code="a">volume</subfield>
    <subfield code="b">nc</subfield>
    <subfield code="2">rdacarrier</subfield>
  </datafield>
  <datafield tag="504" ind1=" " ind2=" ">
    <subfield code="a">Incluye bibliograf&#xED;a e &#xED;ndice.</subfield>
  </datafield>
  <datafield tag="505" ind1="0" ind2=" ">
    <subfield code="a">v.1 Desde: Los 4 capilares de la periodoncia, hasta Nutrici&#xF3;n. Investigaci&#xF3;n en periodoncia. -- v.2 Desde : El neutr&#xF3;filo gingival, hasta Patolog&#xED;as que afectan al periodonto. -- v.3 Desde: Epidemiolog&#xED;a, hasta Fase de mantenimiento del tratamiento periodontal.</subfield>
  </datafield>
  <datafield tag="650" ind1=" " ind2="7">
    <subfield code="a">Cirug&#xED;a periodontal.</subfield>
    <subfield code="2">BLAAUTO</subfield>
    <subfield code="9">12820</subfield>
  </datafield>
  <datafield tag="650" ind1=" " ind2="7">
    <subfield code="a">Implantes dentales.</subfield>
    <subfield code="2">BLAAUTO</subfield>
    <subfield code="9">69343</subfield>
  </datafield>
  <datafield tag="650" ind1=" " ind2="7">
    <subfield code="a">Odontolog&#xED;a.</subfield>
    <subfield code="2">BLAAUTO</subfield>
    <subfield code="9">69344</subfield>
  </datafield>
  <datafield tag="650" ind1=" " ind2="7">
    <subfield code="a">Periodoncia.</subfield>
    <subfield code="2">BLAAUTO</subfield>
    <subfield code="9">69345</subfield>
  </datafield>
  <datafield tag="650" ind1=" " ind2="7">
    <subfield code="a">Pr&#xF3;tesis periodontal.</subfield>
    <subfield code="2">BLAAUTO</subfield>
    <subfield code="9">69346</subfield>
  </datafield>
  <datafield tag="700" ind1="1" ind2=" ">
    <subfield code="a">Barrios, Jorge Eduardo,</subfield>
    <subfield code="e">ilustrador.</subfield>
    <subfield code="9">69347</subfield>
  </datafield>
  <datafield tag="700" ind1="1" ind2=" ">
    <subfield code="a">Caffese, Ra&#xFA;l G.</subfield>
    <subfield code="9">69348</subfield>
  </datafield>
  <datafield tag="700" ind1="1" ind2=" ">
    <subfield code="a">Vargas, Jenny Susana.</subfield>
    <subfield code="9">69349</subfield>
  </datafield>
  <datafield tag="942" ind1=" " ind2=" ">
    <subfield code="2">ddc</subfield>
    <subfield code="c">BK</subfield>
  </datafield>
  <datafield tag="949" ind1=" " ind2=" ">
    <subfield code="a">c   </subfield>
    <subfield code="b">n</subfield>
  </datafield>
  <datafield tag="960" ind1=" " ind2=" ">
    <subfield code="a">Normalizados-2025</subfield>
  </datafield>
  <datafield tag="999" ind1=" " ind2=" ">
    <subfield code="c">60648</subfield>
    <subfield code="d">60648</subfield>
  </datafield>
  <datafield tag="952" ind1=" " ind2=" ">
    <subfield code="0">0</subfield>
    <subfield code="1">0</subfield>
    <subfield code="2">ddc</subfield>
    <subfield code="4">0</subfield>
    <subfield code="7">0</subfield>
    <subfield code="8">001</subfield>
    <subfield code="a">MEACACIA</subfield>
    <subfield code="b">MEACACIA</subfield>
    <subfield code="c">GEN</subfield>
    <subfield code="d">2026-03-09</subfield>
    <subfield code="h">TOMO 1</subfield>
    <subfield code="l">0</subfield>
    <subfield code="o">617.6 B17o </subfield>
    <subfield code="p">ACA04878</subfield>
    <subfield code="r">2026-03-09 15:35:00</subfield>
    <subfield code="t">Ej.1</subfield>
    <subfield code="w">2026-03-09</subfield>
    <subfield code="y">BK</subfield>
  </datafield>
  <datafield tag="952" ind1=" " ind2=" ">
    <subfield code="0">0</subfield>
    <subfield code="1">0</subfield>
    <subfield code="2">ddc</subfield>
    <subfield code="4">0</subfield>
    <subfield code="7">0</subfield>
    <subfield code="8">001</subfield>
    <subfield code="a">MEACACIA</subfield>
    <subfield code="b">MEACACIA</subfield>
    <subfield code="c">GEN</subfield>
    <subfield code="d">2026-03-09</subfield>
    <subfield code="h">TOMO 2</subfield>
    <subfield code="l">0</subfield>
    <subfield code="o">617.6 B17o </subfield>
    <subfield code="p">ACA04879</subfield>
    <subfield code="r">2026-03-09 15:36:00</subfield>
    <subfield code="t">Ej.1</subfield>
    <subfield code="w">2026-03-09</subfield>
    <subfield code="y">BK</subfield>
  </datafield>
  <datafield tag="952" ind1=" " ind2=" ">
    <subfield code="0">0</subfield>
    <subfield code="1">0</subfield>
    <subfield code="2">ddc</subfield>
    <subfield code="4">0</subfield>
    <subfield code="7">0</subfield>
    <subfield code="8">001</subfield>
    <subfield code="a">MEACACIA</subfield>
    <subfield code="b">MEACACIA</subfield>
    <subfield code="c">GEN</subfield>
    <subfield code="d">2026-03-09</subfield>
    <subfield code="h">TOMO 3</subfield>
    <subfield code="l">0</subfield>
    <subfield code="o">617.6 B17o </subfield>
    <subfield code="p">ACA04880</subfield>
    <subfield code="r">2026-03-09 16:31:52</subfield>
    <subfield code="t">Ej.1</subfield>
    <subfield code="w">2026-03-09</subfield>
    <subfield code="y">BK</subfield>
  </datafield>
</record>
